| 000 | 00781cam a2200217 4500 | ||
|---|---|---|---|
| 001 | ABS61596 | ||
| 008 | 000000n1999 000 0 eng u | ||
| 035 | _a(Sirsi) u102248 | ||
| 245 | _aLeader of the pack | ||
| 260 | _c1999 | ||
| 490 |
_aEstates Gazette _v(9945) 13 November 1999, 170-171(2) |
||
| 520 | _aA 'Mainly for Students' article which sets out considerations to be taken into account when setting up a business, including accommodation, banking and professional assistance such as legal advice and accountants. | ||
| 590 | _aABS | ||
| 650 | _aSETTING UP IN PRACTICE | ||
| 650 | _aACCOMMODATION | ||
| 650 | _aLEGAL ADVICE | ||
| 650 | _aBANKING | ||
| 650 | _aPROFESSIONAL ADVICE | ||
| 690 | _aMANAGEMENT-BUSINESS MANAGEMENT-PROFESSIONAL PRACTICE | ||
| 942 | _n0 | ||
| 999 |
_c61281 _d61281 |
||